000 01138nam a22002537a 4500
005 20170124103012.0
010 _aA-655262
020 _c51.00
035 _aA-655262
037 _bCen Lib/Ret
040 _aDPL
_bHN
082 _a
_bभटना
100 _aभटनागर, राजेंद्र मोहन
_944709
245 _aसूर श्याम :
_cराजेंद्र मोहन भटनागर
_bमहाकवि सूर के जीवन पर आधारित उपन्यास /
246 _aSoor shyam : mahakvi soor ke jeevan par adharit upanyas /
_bby Rajendra Mohan Bhatnagar
260 _aअजमेर
_bकृष्णा ब्रोदेर्स
_c1992
270 _aमहात्मा गाँधी मार्ग
_bअजमेर
300 _a125पृ.
_c16सेमी(सजिल्द )
650 _aहिंदी साहित्य
_x
_z
_957877
650 _aहिंदी उपन्यास
_957878
650 _aHindi literature
_v
_957879
650 _aHindi fiction
_927248
942 _2ddc
_cHN
_h
_mभटना
999 _c114690
_d114690